Vplyv cenovej elasticity dopytu pri rozhodovaní firmy bakalárska práca

Guardado en:
Detalles Bibliográficos
Autor principal: Bartková, Mária
Autor Corporativo: Fakulta podnikového manažmentu EU. Katedra podnikovohospodárska
Otros Autores: Kissová, Jana, 1979-
Formato: Libro
Lenguaje:eslovaco
Publicado: Bratislava 2025
Etiquetas: Agregar Etiqueta
Sin Etiquetas, Sea el primero en etiquetar este registro!

MARC

LEADER 00000nbm a2200000 4500
001 0310015
005 20251209122314.8
041 0 |a slo 
044 |a SK 
245 1 0 |a Vplyv cenovej elasticity dopytu pri rozhodovaní firmy  |b bakalárska práca  |c Mária Bartková ; školiteľ: Jana Kissová 
264 1 |a Bratislava  |c 2025 
300 |a 44 s. 
100 1 |a Bartková, Mária 
700 1 |a Kissová, Jana, 1979- 
710 2 |a Fakulta podnikového manažmentu EU. Katedra podnikovohospodárska